LEADER 01463nam 2200433z- 450 001 9910694352203321 005 20070818082843.0 035 $a(CKB)5860000000021958 035 $a(BIP)015768171 035 $a(EXLCZ)995860000000021958 100 $a20220406c2007uuuu -u- - 101 0 $aeng 200 10$aEnergy and tax policy $ehearing before the Committee on Ways and Means, U.S. House of Representatives, One Hundred Tenth Congress, first session, February 28, 2007 215 $a1 online resource (iii, 85 p.) $cill 311 $a0-16-078999-0 517 $aEnergy and Tax Policy 606 $aClimatic changes$xEconomic aspects 606 $aGlobal warming$xEconomic aspects 606 $aEnergy conservation$xEconomic aspects$zUnited States 606 $aEnergy policy$zUnited States 606 $aFuel switching$zUnited States 610 $aClimatic changes 610 $aGlobal warming 610 $aEnergy conservation 610 $aEnergy policy 610 $aUnited States 610 $aScience 610 $aTechnology & engineering 610 $aPolitical science 610 $aBusiness & economics 615 0$aClimatic changes$xEconomic aspects. 615 0$aGlobal warming$xEconomic aspects. 615 0$aEnergy conservation$xEconomic aspects 615 0$aEnergy policy 615 0$aFuel switching 906 $aBOOK 912 $a9910694352203321 996 $aEnergy and tax policy$93198664 997 $aUNINA